| 000 | 00875cam a2200301 a 4500 | ||
|---|---|---|---|
| 001 | 22482 | ||
| 003 | SK-KTurca | ||
| 005 | 20260330141230.0 | ||
| 008 | 251031s1993 xo 0000f slo | ||
| 015 | _aSNBA1993/11 | ||
| 020 | _a8021502517 | ||
| 035 | _aSNK000016090 | ||
| 040 |
_aSNK _bslo _cSNK _eAACR2 |
||
| 041 | 1 |
_aslo _heng |
|
| 044 |
_axo _cSK |
||
| 080 |
_a820 (73)-3 _21981 |
||
| 100 | 1 |
_aBunting, Eve _4aut |
|
| 240 | 1 | 0 |
_aSharing Susan _lSlovensky |
| 245 | 0 |
_aBoj o Zuzanu _cEve Bunting ; preložila Alexandra Šufliarska |
|
| 250 | _a1. vyd. | ||
| 260 |
_aBratislava _bObzor _c1993 _eŽilina _fTlačiareň Rosa |
||
| 300 |
_a116 s. _c20 cm |
||
| 655 | 7 |
_aamerické romány _2SNKPH |
|
| 655 | 7 |
_adievčenské romány _2SNKPH |
|
| 700 | 1 |
_aŠufliarska, Alexandra, _d1953- _4trl |
|
| 942 |
_2ddc _cKLDO _n0 |
||
| 999 |
_c22482 _d22482 |
||